000
00306nam a2200121 4500
999
_c
9645
_d
9645
003
OSt
005
20211124125332.0
008
211124b ||||| |||| 00| 0 eng d
100
_a
John milnes Baker
245
_a
American House styles a concise guide
260
_a
London
_b
W W Norton and company
942
_2
ddc